|
|
|
|
| LEADER |
01152nam a22003017a 4500 |
| 001 |
33856 |
| 003 |
BD-DhAAL |
| 005 |
20211124115027.0 |
| 008 |
181018t2017 uc ||||| |||| 00| 1 eng d |
| 999 |
|
|
|c 40060
|d 40060
|
| 020 |
|
|
|a 9780007356348
|
| 040 |
|
|
|a BD-DhAAL
|
| 082 |
|
|
|2 23
|a 823.92
|
| 100 |
|
|
|a Adichie, Chimamanda Ngozi
|9 28453
|
| 245 |
|
|
|a Americanah [a novel] /
|c Chimamanda Ngozi Adichie
|
| 250 |
|
|
|a First Anchor Books edition.
|
| 260 |
|
|
|a London :
|b Fourth Estate,
|c 2017
|
| 300 |
|
|
|a 477 pages :
|c 20 cm.
|
| 500 |
|
|
|a "Bailey's Women's Prize for Fiction 2014, shortlisted" --> ov.
Originally published: New York : Alfred A. Knopf, 2013.
|
| 526 |
|
|
|a ENH
|
| 541 |
|
|
|a Karim International
|e 33856
|
| 650 |
|
|
|a Immigrants
|v Fiction.
|9 28454
|
| 650 |
|
|
|a Refugees
|v Fiction.
|9 28455
|
| 650 |
|
|
|a Nigeria
|v Fiction.
|9 28456
|
| 650 |
|
|
|a English literature
|9 42968
|
| 852 |
|
|
|a Ayesha Abed Library
|c General Stacks
|
| 942 |
|
|
|2 ddc
|c BK
|
| 952 |
|
|
|0 0
|1 0
|2 ddc
|4 0
|6 823_920000000000000_ADI
|7 0
|9 64461
|a BRACUL
|b BRACUL
|c GEN
|d 2018-10-15
|e Karim International
|g 714.00
|l 3
|m 36
|o 823.92 ADI
|p 3010033856
|r 2022-06-29
|s 2022-06-19
|t 1
|v 714.00
|w 2018-10-15
|y BK
|